00553nam a22002057a 450000500170000001000110001702000100002803500110003803700160004904000120006508200130007710000180009024500700010826000370017827000330021530000340024850000200028265000280030265000170033020170124110117.0 a179076 c00.00 a179076 bCen Lib/Ret aDPLbEN a947bSPE aSpector, Ivar aAn introduction to Russian history and culture /cby Ivar Spector aPrincetonbD. Van Nostrandc1961 bNew Jerseya120 Alexander St axxii, 506p. :c21cm(Hb)bill. aIncludes index  aSoviet Union -- History aSoviet Union